[Event "Arizona Senior op"]
[Site "Tucson"]
[Date "2010.11.14"]
[Round "5"]
[White "Brusselback, Lon"]
[Black "Martinez, Hector"]
[Result "0-1"]
[WhiteElo "1539"]
[BlackElo "1700"]
[PlyCount "52"]
[EventDate "2010.11.13"]
[EventType "swiss"]
[EventRounds "5"]
[EventCountry "USA"]
[SourceTitle "EXT 2014"]
[Source "ChessBase"]
[SourceDate "2013.11.20"]
[SourceVersion "1"]
[SourceVersionDate "2013.11.20"]
[SourceQuality "1"]

1. f4 d5 2. Nf3 c5 3. d3 Nc6 4. c3 Nf6 5. Qc2 d4 6. e4 dxe3 7. Bxe3 e6 8. Be2 Be7 9. 0-0 0-0 10. Ng5 h6 11. Ne4 b6 12. Nxf6+ Bxf6 13. Nd2 Bb7 14. Ne4 Be7 15. Rad1 Rc8 16. f5 exf5 17. Rxf5 g6 18. Rf2 Kg7 19. Rdf1 Ne5 20. d4 cxd4 21. Rd1 dxe3 22. Rxf7+ Rxf7 23. Rxd8 Rxd8 24. h3 Rf4 25. Ng3 Bh4 26. Nf1 Bf2+ 0-1

[Event "Arizona Senior op"]
[Site "Tucson"]
[Date "2010.11.13"]
[Round "1"]
[White "Brusselback, Lon"]
[Black "Lower, Spencer R"]
[Result "0-1"]
[WhiteElo "1539"]
[BlackElo "2207"]
[PlyCount "56"]
[EventDate "2010.11.13"]
[EventType "swiss"]
[EventRounds "5"]
[EventCountry "USA"]
[SourceTitle "EXT 2014"]
[Source "ChessBase"]
[SourceDate "2013.11.20"]
[SourceVersion "1"]
[SourceVersionDate "2013.11.20"]
[SourceQuality "1"]

1. f4 g6 2. Nf3 Bg7 3. d3 d5 4. c3 Nf6 5. Qc2 c5 6. e4 0-0 7. e5 Nh5 8. Be2 Nc6 9. 0-0 d4 10. Ng5 f6 11. Qb3+ Kh8 12. Nf7+ Rxf7 13. Qxf7 fxe5 14. Bxh5 gxh5 15. c4 Bg4 16. Rf2 Qb6 17. h3 Rf8 18. Qd5 Nb4 19. Qe4 Bf5 20. Qf3 Nxd3 21. Rf1 Nxc1 22. Rxc1 Qxb2 23. Na3 Bg6 24. g3 exf4 25. g4 hxg4 26. hxg4 e5 27. Nb5 e4 28. Rcb1 Qxb1+ 0-1